Vor sechzig Jahren: Sirenen gellten über Hausdorf

Titel: Vor sechzig Jahren: Sirenen gellten über Hausdorf
Verfasser:
In: Grofschoaftersch Häämtebärnla, Band 42 (1990), Seite 57-59
alle Artikel anzeigen
Veröffentlicht: 1990
Format: Aufsatz
Sprache: Deutsch
Kein Bild verfügbar
X
alg: 39464331
001A    $01999:12-11-16 
001B    $01999:01-06-17 $t17:57:58.000 
001D    $01999:12-11-16 
001U    $0utf8 
001X    $00 
002@    $0Aox 
003@    $0394643313 
007A    $0394643313 $aHEB 
007T    $0Herdww016435 
010@    $ager 
011@    $a1990 
021A    $aVor sechzig Jahren: Sirenen gellten über Hausdorf 
028A    $aDickes-Pelz $dGisela 
031A    $d42 $h57-59 $j1990 
037A    $aKatastrofa górnicza w 1930 r.  
039B    $aIn $8--Abvc--. Grofschoaftersch Häämtebärnla. - Lüdenscheid : Zentralstelle Grafschaft Glatz/Schlesien e.V., 1956-[2019] $x199000000420000943 $9047864346 
045T    $a7,41 $a8,1 

lok: 39464331 78

exp: 39464331 78 1 #EPN
201B/01 $028-07-21 $t00:10:16.000 
201U/01 $0utf8 
203@/01 $0790753782 
208@/01 $a12-11-16 $be 
209A/01 $a/ $f000 $x00 
220C/01 $aTitelaufnehmer: KS 
220C/01 $aHerkunft: IH UWr 
244Z/01 $2Trx $#Silesia $#Śląsk $#Sliezsko $#Slezsko $8--Trx--Schlesien $x01 $9391173987 
244Z/01 $75057061-4 $8--Tg1--Nowa Ruda $x02 $9044716931 
244Z/01 $aGeschichte 1930 $x03 
244Z/01 $2Trx $#kaevandus üldiselt $#kalnakasyba bendras $#mining $#bányászat általános $#górnictwo ogólnie $#baníctvo všeobecne $#hornictví všeobecně $#Tagebau $#górnictwo odkrywkowe $#povrchová ťažba $8--Trx--Bergbau$gallgemein $x04 $9391382624 
244Z/01 $2Trx $8--Trx--Zeitschriftenaufsatz $x05 $9391384341 
247C/01 $82080>Marburg/Lahn, Herder-Institut, Forschungsbibliothek, Bibliographieportal $9336309341
LEADER 00000caa a22000002c 4500
001 394643313
003 DE-603
005 20170601175758.0
007 tu
008 161112s1990 xx |||| | u00||u|ger c
035 |a (DE-599)HEB394643313 
040 |a DE-603  |b ger  |c DE-603  |d DE-603 
041 |a ger 
084 |a 7,41  |a 8,1  |2 ssgn 
100 1 |a Dickes-Pelz, Gisela 
245 0 0 |a Vor sechzig Jahren: Sirenen gellten über Hausdorf 
264 0 |c 1990 
500 |a Katastrofa górnicza w 1930 r. <pol> 
773 0 8 |i In  |t Grofschoaftersch Häämtebärnla  |d Lüdenscheid : Zentralstelle Grafschaft Glatz/Schlesien e.V., 1956-[2019]  |g Band 42 (1990), Seite 57-59  |w (DE-603)047864346  |w (DE-600)558553-3 
924 0 |9 2080  |a (DE-603)790753782  |b DE-2080  |c HES  |d d  |g /